[Event "Euro Online U2300 Day 1"]
[Site "chess.com INT"]
[Date "2020.05.25"]
[Round "3"]
[White "Fedorov, Evgueny"]
[Black "Tsirulnik, Maritsa"]
[Result "1-0"]
[WhiteTitle "FM"]
[WhiteElo "2236"]
[BlackElo "2139"]
[WhiteFideId "4188004"]
[BlackFideId "14118688"]
[EventDate "2020.05.25"]

1. e4 c5 2. Nf3 e6 3. d4 cxd4 4. Nxd4 Nc6 5. Nc3 d6 6. Be3 Nf6 7. f3 h5 8. Qd2
a6 9. O-O-O Qc7 10. Kb1 b5 11. Ndxb5 axb5 12. Nxb5 Qb7 13. Nxd6+ Bxd6 14. Qxd6
Bd7 15. Bc4 Qb8 16. Bc5 Qxd6 17. Bxd6 Na5 18. Be2 Nb7 19. Bb4 h4 20. g4 hxg3 21.
hxg3 O-O-O 22. g4 Bc6 23. b3 Kc7 24. a4 Nd7 25. Bc3 f6 26. a5 Nd6 27. Bb2 Rxh1
28. Rxh1 Ra8 29. b4 Bb5 30. Bxb5 Nxb5 31. Rh7 Rg8 32. f4 Nd6 33. e5 fxe5 34.
fxe5 Nc4 35. Bd4 Kc6 36. Ka2 Kb5 37. Kb3 Nb8 38. Bc3 Nc6 39. Rh5 Rd8 40. Rg5 Rd7
41. Rg6 Nd8 42. Rg5 Nc6 43. Rh5 Rd5 44. Rh7 Rd7 45. Rh8 1-0

[Event "Euro Online U2300 Day 1"]
[Site "chess.com INT"]
[Date "2020.05.25"]
[Round "3"]
[White "Kuhn, Clement"]
[Black "Rause, Olita"]
[Result "1-0"]
[WhiteTitle "CM"]
[BlackTitle "IM"]
[WhiteElo "2150"]
[BlackElo "2192"]
[WhiteFideId "36099775"]
[BlackFideId "11600250"]
[EventDate "2020.05.25"]

1. e4 e5 2. Nf3 Nc6 3. Bb5 a6 4. Ba4 Nf6 5. O-O b5 6. Bb3 Bc5 7. d3 h6 8. c3 Bb6
9. h3 O-O 10. Re1 Re8 11. Nbd2 Bb7 12. Nf1 d5 13. exd5 Nxd5 14. Ng3 Nf4 15. d4
Qf6 16. Ne4 Qf5 17. Nh4 Nxh3+ 18. Kh2 Nxf2 19. Nxf5 Nxd1 20. Bxd1 exd4 21. cxd4
Nxd4 22. Nxd4 Bxd4 23. Bf3 f5 24. Nf6+ Bxf6 25. Rxe8+ Rxe8 26. Bxb7 Re1 27. Bxa6
b4 28. Bc4+ Kh7 29. Kg3 Bd4 30. Bd3 g6 31. Rb1 Rd1 32. Bc2 Rf1 33. Bd2 Rf2 34.
Rd1 h5 35. Bb3 h4+ 36. Kh2 Bxb2 37. Bxb4 Be5+ 38. Kh1 h3 39. Rd7+ Kh6 40. gxh3
Rh2+ 41. Kg1 Rxh3 42. Bd2+ f4 43. Re7 Bd6 44. Re6 Rg3+ 45. Kh2 Rd3 46. Rxg6+ Kh5
47. Rxd6 cxd6 48. Bxf4 d5 49. Kg2 Kg4 50. Bc1 d4 51. Kf2 Rf3+ 52. Ke2 Rf8 53.
Bb2 Rd8 54. Kd3 Kf4 55. Bxd4 Kf5 56. a4 Ra8 57. Bb6 Ke5 58. a5 Kd6 59. Kc4 Kc6
60. Ba4+ Kb7 61. Kb5 Ra6 62. Bb3 Rxb6+ 63. axb6 1-0

[Event "Euro Online U2300 Day 1"]
[Site "chess.com INT"]
[Date "2020.05.25"]
[Round "3"]
[White "Inyushkin, Sergei"]
[Black "Gacek, Waldemar"]
[Result "0-1"]
[WhiteElo "1555"]
[BlackElo "2081"]
[WhiteFideId "4155122"]
[BlackFideId "1111841"]
[EventDate "2020.05.25"]

1. c4 c6 2. Nc3 d5 3. cxd5 cxd5 4. d4 Nf6 5. f3 e6 6. e4 Be7 7. e5 Nfd7 8. f4 b6
9. Nf3 O-O 10. Bd3 Ba6 11. Qe2 Bxd3 12. Qxd3 f5 13. exf6 Bxf6 14. O-O Nc6 15.
Ne5 Ndxe5 16. dxe5 Be7 17. Ne2 Bc5+ 18. Be3 Bxe3+ 19. Qxe3 Rc8 20. Rac1 Qd7 21.
Nd4 Nxd4 22. Qxd4 Rc6 23. Qa4 Rfc8 24. Rc2 Qb7 25. Rfc1 b5 26. Qb3 Qb6+ 27. Kh1
Rc4 28. Rxc4 Rxc4 29. Rxc4 dxc4 30. Qd1 h6 31. h3 Qe3 32. Qg4 Kf7 33. Qh5+ Kf8
34. Qg6 Qc1+ 35. Kh2 Qxf4+ 36. Qg3 Qxg3+ 37. Kxg3 Ke7 38. Kf3 Kd7 39. Ke4 Kc6
40. Kd4 Kb6 41. a4 a6 42. axb5 axb5 0-1

[Event "Euro Online U2300 Day 1"]
[Site "chess.com INT"]
[Date "2020.05.25"]
[Round "3"]
[White "Pauly, Carlo"]
[Black "Shapiro, David"]
[Result "1-0"]
[WhiteTitle "FM"]
[BlackTitle "FM"]
[WhiteElo "2277"]
[BlackElo "2392"]
[WhiteFideId "24673269"]
[BlackFideId "24133523"]
[EventDate "2020.05.25"]

1. d4 d5 2. c4 e6 3. Nc3 Nf6 4. Nf3 a6 5. c5 b6 6. cxb6 c5 7. dxc5 Bxc5 8. Na4
Bxb6 9. Nxb6 Qxb6 10. e3 Nc6 11. Be2 O-O 12. O-O Ne4 13. Bd3 a5 14. Nd2 Nc5 15.
Be2 Ba6 16. b3 Nb4 17. Bb2 a4 18. Bxa6 Qxa6 19. Qg4 e5 20. Qxb4 Nd3 21. Qa3 Rfc8
22. Nf3 axb3 23. Qxa6 Rxa6 24. axb3 Re6 25. Ba3 Rb8 26. Rfb1 f6 27. Kf1 Rc6 28.
Ne1 Rc3 29. Nxd3 Rxd3 30. b4 Rb5 31. Ke2 Rc3 32. Rc1 Rb3 33. Rc5 Rb7 34. Rxd5 e4
35. Ra5 Rc7 36. Ra2 Rb1 37. Rd2 Kf7 38. b5 Rb7 39. Rd5 Rc7 40. Bc5 Rc1 41. b6
Rc6 42. Rb5 Rc2+ 43. Kd1 1-0

[Event "Euro Online U2300 Day 1"]
[Site "chess.com INT"]
[Date "2020.05.25"]
[Round "3"]
[White "Bivol, Alina"]
[Black "Patrelakis, Evaggelos"]
[Result "0-1"]
[WhiteTitle "WGM"]
[WhiteElo "2386"]
[BlackElo "2259"]
[WhiteFideId "4100123"]
[BlackFideId "4295102"]
[EventDate "2020.05.25"]

1. Nf3 Nf6 2. g3 b6 3. Bg2 Bb7 4. d4 g6 5. c4 Bg7 6. O-O O-O 7. Nc3 Ne4 8. Bf4
Nxc3 9. bxc3 d6 10. Qc2 Nd7 11. e4 e5 12. Bg5 Bf6 13. Bxf6 Qxf6 14. Rfe1 Rfe8
15. Rad1 Rad8 16. h4 a5 17. Nh2 h5 18. f4 Qe7 19. f5 Ba6 20. Bf1 exd4 21. cxd4
gxf5 22. exf5 Qf6 23. Nf3 Bb7 24. d5 Nc5 25. Ng5 Bc8 26. Bh3 Bd7 27. Qf2 Rxe1+
28. Qxe1 Re8 29. Qf2 Ne4 30. Qf4 Nxg5 31. hxg5 Qc3 32. Kf2 Ba4 33. Rc1 Qb2+ 34.
Kg1 Re4 35. Qxe4 Qxc1+ 36. Kh2 Qxg5 37. c5 Bd1 38. cxb6 cxb6 39. Qd4 Bf3 40.
Qxb6 Qd2+ 41. Kg1 Qe1+ 42. Bf1 Qxg3+ 0-1

[Event "Euro Online U2300 Day 1"]
[Site "chess.com INT"]
[Date "2020.05.25"]
[Round "3"]
[White "Hansch, Torsten"]
[Black "Tsereteli, Kakhaber"]
[Result "1-0"]
[WhiteTitle "CM"]
[WhiteElo "2075"]
[BlackElo "1990"]
[WhiteFideId "4622600"]
[BlackFideId "13604503"]
[EventDate "2020.05.25"]

1. d4 d5 2. c4 e6 3. Nc3 Nf6 4. Bg5 Nbd7 5. e3 c6 6. cxd5 exd5 7. Bd3 Be7 8. Nf3
Ne4 9. Bf4 f5 10. O-O O-O 11. Qc2 Kh8 12. Ne5 Nxe5 13. Bxe5 Bf6 14. Bxf6 Qxf6
15. Ne2 Bd7 16. b4 a5 17. a3 Nd6 18. Nf4 g5 19. Ne2 f4 20. exf4 gxf4 21. f3 Bf5
22. Rae1 Bxd3 23. Qxd3 Nc4 24. b5 cxb5 25. Nc3 Ne3 26. Rf2 b4 27. axb4 axb4 28.
Nd1 Ra3 29. Qd2 Nxd1 30. Rxd1 b3 31. Rb1 Ra2 32. Qb4 Rfa8 33. Rxb3 Rxf2 34. Kxf2
Ra2+ 35. Rb2 Rxb2+ 36. Qxb2 Qe7 37. Qd2 Qc7 38. g3 fxg3+ 39. hxg3 b5 40. Qb4
Qc2+ 41. Ke3 Qc1+ 42. Qd2 Qg1+ 43. Kf4 Kg7 44. Qb4 Qc1+ 45. Kg4 1-0

[Event "Euro Online U2300 Day 1"]
[Site "chess.com INT"]
[Date "2020.05.25"]
[Round "3"]
[White "Khachatryan, Anna"]
[Black "Sviridov, Vladislav"]
[Result "1-0"]
[WhiteTitle "WFM"]
[WhiteElo "2071"]
[BlackElo "2123"]
[WhiteFideId "13310780"]
[BlackFideId "24121843"]
[EventDate "2020.05.25"]

1. d4 d5 2. c4 c6 3. Nf3 Nf6 4. Nc3 e6 5. Bg5 h6 6. Bxf6 Qxf6 7. e3 Bd6 8. Bd3
Nd7 9. O-O O-O 10. e4 dxe4 11. Nxe4 Qe7 12. Bc2 Nf6 13. Nxf6+ Qxf6 14. Qd3 g6
15. c5 Bc7 16. Rfe1 Rd8 17. Rad1 b6 18. b4 a5 19. a3 axb4 20. axb4 bxc5 21. bxc5
Ba6 22. Qe4 Bb5 23. Bb1 Ra3 24. Bd3 Bxd3 25. Rxd3 Rxd3 26. Qxd3 Qf5 27. Qxf5
gxf5 28. g3 Kg7 29. Ra1 e5 30. dxe5 Rd5 31. e6 fxe6 32. Ra7 Rd7 33. Ne5 Re7 34.
Nxc6 Rf7 35. Nd4 Kf6 36. Nb5 Be5 37. Rxf7+ Kxf7 38. f4 Bf6 39. c6 Ke7 40. Kf2 e5
41. c7 Kd7 42. Nd6 Kxc7 43. Ne8+ Kd7 44. Nxf6+ Ke6 45. fxe5 Kxe5 46. Nh5 Ke4 47.
Nf4 Ke5 48. Ke3 Kf6 49. Kd4 Kg5 50. h3 h5 51. Ng2 f4 52. gxf4+ Kf5 53. Ke3 Kf6
54. Ke4 Ke6 55. f5+ Kf6 56. Kf4 Kf7 57. Kg5 Kg7 58. Nf4 Kf7 59. Nxh5 Kf8 60. f6
Kg8 61. Kg6 Kh8 62. Nf4 Kg8 63. f7+ 1-0

[Event "Euro Online U2300 Day 1"]
[Site "chess.com INT"]
[Date "2020.05.25"]
[Round "3"]
[White "Samunenkov, Ihor"]
[Black "Laux, Dominik"]
[Result "0-1"]
[WhiteElo "2142"]
[BlackElo "2009"]
[WhiteFideId "14187086"]
[BlackFideId "12994219"]
[EventDate "2020.05.25"]

1. d4 d5 2. Nf3 Nf6 3. g3 e6 4. Bg2 Be7 5. c4 c6 6. O-O O-O 7. Qc2 b6 8. Nbd2
Ba6 9. b3 Nbd7 10. e4 c5 11. e5 Ne8 12. Bb2 Nc7 13. Rfd1 Rc8 14. Rac1 b5 15.
dxc5 bxc4 16. b4 f6 17. exf6 Bxf6 18. a4 Bb7 19. Re1 a5 20. Ba3 axb4 21. Bxb4
Na6 22. Ba3 Ndxc5 23. Bh3 Re8 24. Rb1 Bc6 25. Ne5 Bxa4 26. Qa2 Bb3 27. Nxb3 cxb3
28. Rxb3 Nxb3 29. Qxb3 Qa5 30. Re3 Nc5 31. Bxc5 Bxe5 32. Bb6 Qa1+ 33. Kg2 Rc1
34. Bxe6+ Rxe6 35. Qxd5 Rg1+ 36. Kh3 Qf1+ 37. Kh4 Bf6+ 38. Kg4 h5+ 39. Kxh5 Qh3+
40. Kg6 Qg4+ 41. Qg5 Qxg5# 0-1

[Event "Euro Online U2300 Day 1"]
[Site "chess.com INT"]
[Date "2020.05.25"]
[Round "3"]
[White "Bogumil, Tatiana"]
[Black "Frenkel, Ran"]
[Result "1-0"]
[WhiteTitle "WGM"]
[WhiteElo "2182"]
[BlackElo "2245"]
[WhiteFideId "4110579"]
[BlackFideId "2815974"]
[EventDate "2020.05.25"]

1. Nf3 Nf6 2. c4 g6 3. b3 Bg7 4. Bb2 O-O 5. g3 c6 6. Bg2 d5 7. O-O a5 8. Nc3 Bf5
9. d3 Nbd7 10. Nh4 Be6 11. Qc2 Rc8 12. e4 dxe4 13. dxe4 b5 14. cxb5 cxb5 15. Qe2
b4 16. Na4 Qc7 17. Rac1 Qb8 18. h3 Nh5 19. Bxg7 Kxg7 20. Nf5+ Bxf5 21. exf5 Qe5
22. Qxe5+ Nxe5 23. Bb7 Rb8 24. Rc7 Kf6 25. f4 Nd3 26. Rf3 Rfd8 27. Re3 e6 28.
fxe6 fxe6 29. Be4 Ndxf4 30. gxf4 Nxf4 31. Rxh7 Rd1+ 32. Kf2 Rd2+ 33. Kg3 e5 34.
Nc5 Rbd8 35. Bc6 g5 36. Ne4+ Kg6 37. Nxd2 Kxh7 38. Nf3 1-0

[Event "Euro Online U2300 Day 1"]
[Site "chess.com INT"]
[Date "2020.05.25"]
[Round "3"]
[White "Kusa, Jakub"]
[Black "Havelka, Ondrej"]
[Result "1-0"]
[WhiteElo "2177"]
[BlackElo "2140"]
[WhiteFideId "395595"]
[BlackFideId "349526"]
[EventDate "2020.05.25"]

1. e4 e6 2. d4 d5 3. Nc3 Nf6 4. e5 Nfd7 5. f4 c5 6. Nf3 Nc6 7. Be3 a6 8. Qd2 b5
9. dxc5 Bxc5 10. O-O-O Qb6 11. Bxc5 Nxc5 12. Nd4 b4 13. Nce2 Ne4 14. Qe1 Bd7 15.
Nxc6 Qe3+ 16. Kb1 Bxc6 17. Nd4 Qxe1 18. Rxe1 Kd7 19. Bd3 Nc5 20. Rhf1 g6 21. g4
Kc7 22. f5 Rhf8 23. Rf2 Bd7 24. Ref1 exf5 25. gxf5 Rfe8 26. fxg6 fxg6 27. Rf7
Nxd3 28. cxd3 Rxe5 29. Rxh7 Rc8 30. Rff7 Kb6 31. a3 b3 32. Nxb3 Re1+ 33. Ka2 Bf5
34. Rb7+ Kc6 35. Nd4+ Kc5 36. Nc2 Rc1 37. Nb4 Kd4 38. Rh4+ Ke5 39. d4+ Kf6 40.
Rhh7 a5 41. Nxd5+ Kg5 42. h4+ Kg4 43. Ne3+ Kf3 44. Nxf5 gxf5 45. d5 f4 46. d6
Rd8 47. Rbd7 Rxd7 48. Rxd7 Rd1 49. h5 Kg4 50. h6 f3 51. Rg7+ Kf5 52. d7 f2 53.
h7 f1=Q 54. Rf7+ Kg6 55. Rxf1 1-0

[Event "Euro Online U2300 Day 1"]
[Site "chess.com INT"]
[Date "2020.05.25"]
[Round "3"]
[White "Podetti, Davide"]
[Black "Baskin, Robert"]
[Result "0-1"]
[BlackTitle "IM"]
[WhiteElo "2173"]
[BlackElo "2390"]
[WhiteFideId "893617"]
[BlackFideId "24662402"]
[EventDate "2020.05.25"]

1. e4 c5 2. Nf3 Nc6 3. Bb5 g6 4. Bxc6 bxc6 5. O-O Bg7 6. c3 Nf6 7. Re1 d6 8. h3
O-O 9. d4 cxd4 10. cxd4 Qc7 11. Nc3 c5 12. e5 dxe5 13. dxe5 Rd8 14. Qe2 Nd5 15.
Nxd5 Rxd5 16. Bf4 Bb7 17. Bg3 Qc6 18. Rac1 Rad8 19. b3 Bh6 20. Rcd1 Rd2 21. Rxd2
Rxd2 22. Qc4 Rd4 23. Qc2 Rd2 24. Qc4 Rd4 25. Qc2 Qd5 26. Kh2 Rd2 27. Qb1 Rd3 28.
Qc2 e6 29. Qe2 a6 30. Qc2 Kg7 31. Qb2 Bd2 32. Rg1 Bc3 33. Qc2 h5 34. Qc1 Bd2 35.
Qc2 g5 36. Rd1 Rxf3 37. Qxd2 Qxd2 38. Rxd2 Rc3 39. h4 g4 40. Bf4 Bd5 41. Be3 Kg6
42. Kg3 Kf5 43. Re2 Kxe5 44. Kh2 Kf5 45. Rd2 f6 46. Rb2 Ke5 47. Re2 Kd6 48. Rd2
e5 49. Rb2 f5 50. g3 Kc6 51. Rd2 f4 52. gxf4 exf4 53. Bxf4 Rh3+ 54. Kg1 Rh1# 0-1

[Event "Euro Online U2300 Day 1"]
[Site "chess.com INT"]
[Date "2020.05.25"]
[Round "3"]
[White "Baghirov, Javanshir"]
[Black "Haring, Viktor"]
[Result "0-1"]
[BlackTitle "FM"]
[WhiteElo "1969"]
[BlackElo "2298"]
[WhiteFideId "13404318"]
[BlackFideId "14919400"]
[EventDate "2020.05.25"]

1. d4 Nf6 2. c4 e6 3. Nc3 Bb4 4. Nf3 d5 5. e3 O-O 6. Bd3 dxc4 7. Bxc4 b6 8. a3
Bxc3+ 9. bxc3 c5 10. O-O Qc7 11. Bd3 Bb7 12. Qe2 Ne4 13. Bb2 Nd7 14. Rac1 Ndf6
15. Ne5 Nd6 16. f3 Nfe8 17. e4 f6 18. Nc4 Ba6 19. Ne3 Bxd3 20. Qxd3 Nf7 21. f4
Rd8 22. d5 e5 23. f5 Ned6 24. Nc4 Nxc4 25. Qxc4 Nd6 26. Qd3 c4 27. Qh3 Nxe4 28.
Rce1 Qc5+ 29. Qe3 Rxd5 30. Qxc5 Nxc5 31. Re2 Rfd8 32. Bc1 Rd1 33. Be3 Na4 34.
Rc2 Kf7 35. Rxd1 Rxd1+ 36. Kf2 Ra1 37. Bc1 Nc5 38. Kf3 Nd3 39. Bd2 Rxa3 40. h4
Ra1 41. Ke4 Ra5 42. g4 Rb5 43. g5 Rb2 44. Rxb2 Nxb2 45. Kd5 a5 46. gxf6 Kxf6 47.
Bc1 Nd3 48. Bg5+ Kxf5 49. Kxc4 e4 50. Be3 a4 51. Bxb6 Kf4 52. h5 g5 53. hxg6
hxg6 54. Bc7+ Kf3 55. Bb6 g5 56. Bd4 g4 57. Bg1 g3 58. Ba7 a3 59. Kb3 e3 60. Bb8
e2 61. Bxg3 Kxg3 62. c4 e1=Q 63. c5 Qb4+ 64. Ka2 Qb2# 0-1

[Event "Euro Online U2300 Day 1"]
[Site "chess.com INT"]
[Date "2020.05.25"]
[Round "3"]
[White "Kelly, Ladislau-Endre"]
[Black "Kovacsy, Barnabas"]
[Result "1-0"]
[WhiteElo "2180"]
[BlackElo "2143"]
[WhiteFideId "1214705"]
[BlackFideId "769290"]
[EventDate "2020.05.25"]

1. e4 c5 2. Nc3 Nc6 3. f4 g6 4. Nf3 Bg7 5. Bb5 Nd4 6. O-O Nxb5 7. Nxb5 d6 8. d3
a6 9. Nc3 b5 10. Qe1 Bb7 11. Kh1 Qd7 12. Nd5 Rd8 13. c4 e6 14. Nc3 b4 15. Ne2
Ne7 16. Qh4 O-O 17. f5 exf5 18. Bh6 f6 19. Bxg7 Kxg7 20. Ng3 fxe4 21. dxe4 Rde8
22. Rad1 Qe6 23. b3 Nc6 24. Rd2 Ne5 25. Rfd1 Nf7 26. Re2 a5 27. Qf4 Ne5 28. Red2
Rd8 29. h3 a4 30. Nh2 a3 31. Nhf1 Rfe8 32. Ne3 Nf7 33. Nd5 Bxd5 34. Rxd5 Re7 35.
Rf1 Ne5 36. Rd2 Nc6 37. Rdf2 Rf7 38. Qh4 Nd4 39. Qf4 Rdd7 40. Qd2 Qe5 41. Rf4
Ne6 42. Rg4 h5 43. Nf5+ Kf8 44. Rxg6 Ng5 45. h4 Nxe4 46. Qh6+ Ke8 47. Rg8+ 1-0

[Event "Euro Online U2300 Day 1"]
[Site "chess.com INT"]
[Date "2020.05.25"]
[Round "3"]
[White "Ioannidis, Evgenios"]
[Black "Muradli, Mahammad"]
[Result "1-0"]
[WhiteTitle "IM"]
[BlackTitle "IM"]
[WhiteElo "2401"]
[BlackElo "2449"]
[WhiteFideId "4229274"]
[BlackFideId "13409301"]
[EventDate "2020.05.25"]

1. d4 d5 2. c4 e6 3. Nc3 Be7 4. cxd5 exd5 5. Bf4 c6 6. e3 Bd6 7. Bxd6 Qxd6 8.
Bd3 Ne7 9. Qc2 g6 10. f3 O-O 11. O-O-O Be6 12. Nge2 Nd7 13. e4 c5 14. dxc5 Nxc5
15. Bc4 Rac8 16. Kb1 Qb6 17. Bxd5 Nxd5 18. Nxd5 Bxd5 19. Rxd5 Ne6 20. Nc3 Rc4
21. Rhd1 Rfc8 22. Ka1 Qc7 23. Rd7 Qc6 24. Qb3 b5 25. R7d6 Qc5 26. R6d5 Qf2 27.
R5d2 Qc5 28. Rd5 Qc7 29. Qxb5 Rb8 30. Qa5 Qxh2 31. Qxa7 Rbc8 32. R5d2 Qe5 33.
Kb1 h5 34. Nd5 Kg7 35. Qe3 g5 36. Nb6 Rc3 37. bxc3 Rxc3 38. Rd3 Qb5+ 39. Ka1 Rc2
40. Rb3 Qa6 41. Rb2 Rc6 42. Nd5 Qa4 43. Qb3 Qa7 44. Rc2 Nd4 45. Rxd4 Qxd4+ 46.
Qb2 Qxb2+ 47. Kxb2 Rd6 48. Kb3 g4 49. f4 f5 50. Ne3 Rd3+ 51. Rc3 Rxc3+ 52. Kxc3
fxe4 53. Kd4 h4 54. Nxg4 h3 55. gxh3 1-0

[Event "Euro Online U2300 Day 1"]
[Site "chess.com INT"]
[Date "2020.05.25"]
[Round "3"]
[White "Khalafova, Narmin"]
[Black "Burkhardt, Holger"]
[Result "1-0"]
[WhiteTitle "WGM"]
[WhiteElo "2279"]
[BlackElo "1987"]
[WhiteFideId "13402625"]
[BlackFideId "4619145"]
[EventDate "2020.05.25"]

1. e4 d6 2. d4 Nf6 3. Nc3 e5 4. Nf3 Nbd7 5. Bc4 Be7 6. O-O O-O 7. a4 c6 8. h3 b6
9. Re1 a6 10. d5 Bb7 11. dxc6 Bxc6 12. Nd5 Nxd5 13. Bxd5 Qc7 14. c3 Rac8 15. Nh2
Qb7 16. Bxc6 Rxc6 17. Ng4 Rc4 18. f3 b5 19. Ne3 Rc5 20. Nd5 Bh4 21. Re2 Nb6 22.
Be3 Rxd5 23. exd5 Nxd5 24. Bf2 Bg5 25. axb5 axb5 26. h4 Bh6 27. Ra7 Qc6 28. Qb3
Nf4 29. Re4 d5 30. Rxe5 Qg6 31. g4 Nd3 32. Re2 Nf4 33. Re5 Nd3 34. Rxd5 Nxf2 35.
Kxf2 Qb1 36. Qd1 Qxb2+ 37. Qe2 Qxc3 38. Rdd7 b4 39. Kg2 Bf4 40. Rxf7 Rxf7 41.
Ra8+ Rf8 42. Qe6+ 1-0

[Event "Euro Online U2300 Day 1"]
[Site "chess.com INT"]
[Date "2020.05.25"]
[Round "3"]
[White "Silich, Yahor"]
[Black "Green, Andrew D"]
[Result "1-0"]
[WhiteTitle "FM"]
[BlackTitle "CM"]
[WhiteElo "2330"]
[BlackElo "2154"]
[WhiteFideId "13513656"]
[BlackFideId "2401762"]
[EventDate "2020.05.25"]

1. e4 c5 2. Nf3 g6 3. d4 cxd4 4. Qxd4 Nf6 5. Nc3 Nc6 6. Qa4 d6 7. e5 dxe5 8.
Nxe5 Bg7 9. Bb5 O-O 10. Nxc6 bxc6 11. Bxc6 Bd7 12. Bxd7 Qxd7 13. Qxd7 Nxd7 14.
O-O Bxc3 15. bxc3 Rfc8 16. Bd2 Nb6 17. Rfd1 Na4 18. Re1 Rc7 19. g3 Nxc3 20. Bxc3
Rxc3 21. Rxe7 Rxc2 22. a4 a5 23. Kg2 Rc4 24. Re5 Ra6 25. h4 h5 26. Kf3 Kg7 27.
Ke3 Rb4 28. Rb5 Rg4 29. Ra2 Kf6 30. Kd3 Kg7 31. Rc5 Rd6+ 32. Kc3 Ra6 33. Rc4 Rf6
34. Rd4 Rf3+ 35. Kc4 Rxd4+ 36. Kxd4 Rf5 37. Rb2 f6 38. f4 g5 39. Rb5 Kg6 40. Ke4
Rxb5 41. axb5 f5+ 42. Kd4 1-0

[Event "Euro Online U2300 Day 1"]
[Site "chess.com INT"]
[Date "2020.05.25"]
[Round "3"]
[White "Skliarov, Viktor"]
[Black "Iljushina, Olga"]
[Result "1-0"]
[WhiteTitle "IM"]
[BlackTitle "WGM"]
[WhiteElo "2376"]
[BlackElo "2132"]
[WhiteFideId "14106736"]
[BlackFideId "4152280"]
[EventDate "2020.05.25"]

1. e4 c5 2. Nf3 Nc6 3. Bb5 g6 4. O-O Bg7 5. Re1 e5 6. Bxc6 dxc6 7. d3 Qe7 8. Be3
Nh6 9. h3 f6 10. Nbd2 O-O 11. a3 a5 12. Nc4 Be6 13. Nxa5 Rxa5 14. Qd2 Rb5 15.
Bxh6 Rxb2 16. Bxg7 Kxg7 17. Reb1 Rxb1+ 18. Rxb1 c4 19. d4 Rd8 20. Qe3 Bf7 21.
dxe5 fxe5 22. Qc3 Re8 23. a4 Qc7 24. a5 Re7 25. Rb6 h6 26. Kh2 Kf6 27. Qe3 Kg7
28. Qc5 g5 29. a6 bxa6 30. Rxa6 Be8 31. Qxc4 Qd6 32. Qc3 Bd7 33. Ra7 Kf6 34. Qe3
Qd1 35. h4 Rg7 36. Nxe5 Qd6 37. f4 gxh4 38. Nf3 Ke7 39. Ne5 Ke6 40. Qb3+ Kf6 41.
Nxd7+ Rxd7 42. e5+ Kf5 43. exd6 Rxd6 44. Rf7+ Kg4 45. Qf3# 1-0

[Event "Euro Online U2300 Day 1"]
[Site "chess.com INT"]
[Date "2020.05.25"]
[Round "3"]
[White "Gardet, Thomas"]
[Black "Stoinev, Metodi"]
[Result "1/2-1/2"]
[WhiteElo "2023"]
[BlackElo "2202"]
[WhiteFideId "26088045"]
[BlackFideId "2901404"]
[EventDate "2020.05.25"]

1. e4 e5 2. Nf3 Nc6 3. Bc4 d6 4. c3 g6 5. Bb3 Bg7 6. h3 Nf6 7. d3 O-O 8. Bg5 h6
9. Bh4 g5 10. Bg3 Nh5 11. Bh2 Nf4 12. Bxf4 exf4 13. Nbd2 Be6 14. g3 fxg3 15.
fxg3 Qe7 16. Qc2 b5 17. O-O-O a5 18. d4 a4 19. Bxe6 fxe6 20. d5 Ne5 21. Nd4 exd5
22. exd5 Nc4 23. Nxc4 bxc4 24. Ne6 Rf6 25. a3 Rxe6 26. dxe6 Qxe6 27. Rhe1 Be5
28. g4 Kg7 29. Qf5 Qxf5 30. gxf5 Kf6 31. Re4 Kxf5 32. Rxc4 c5 33. h4 Ra5 34. Kc2
Bf4 35. hxg5 hxg5 36. b4 axb3+ 37. Kxb3 Ke5 38. Re1+ Kf5 39. Ra4 Rb5+ 40. Kc4
Rb2 41. Ra8 Be5 42. Rf8+ Ke6 43. a4 Rc2 44. a5 Rxc3+ 45. Kb5 Rb3+ 46. Kc6 Ra3
47. Kb6 c4 48. a6 Kd5 49. Rd1+ Bd4+ 50. Kb7 c3 51. Rf5+ Kc4 52. Rxg5 c2 53. Rc1
Ra2 54. Rg2 Kd3 55. a7 Rxa7+ 56. Kc6 Ra6+ 57. Kd5 Ra2 58. Rcxc2 Rxc2 59. Rxc2
Kxc2 60. Kxd6 1/2-1/2

[Event "Euro Online U2300 Day 1"]
[Site "chess.com INT"]
[Date "2020.05.25"]
[Round "3"]
[White "Strybuk, Artsiom I"]
[Black "Selbes, Tarik"]
[Result "1-0"]
[WhiteTitle "FM"]
[BlackTitle "FM"]
[WhiteElo "2215"]
[BlackElo "2235"]
[WhiteFideId "13515659"]
[BlackFideId "6302513"]
[EventDate "2020.05.25"]

1. d4 Nf6 2. c4 g6 3. Nf3 Bg7 4. g3 O-O 5. Bg2 d6 6. O-O Nc6 7. Nc3 a6 8. Qd3 e5
9. dxe5 dxe5 10. Qxd8 Rxd8 11. Bg5 Re8 12. Rfd1 h6 13. Bxf6 Bxf6 14. Nd5 Bd8 15.
Nd2 Kg7 16. c5 f5 17. Nc4 Be6 18. e3 e4 19. Bf1 Bf7 20. Rd2 Rc8 21. Rad1 Bf6 22.
a3 a5 23. Nxf6 Kxf6 24. b4 axb4 25. axb4 Nxb4 26. Rb1 Nc6 27. Rxb7 Bxc4 28. Bxc4
Na5 29. Rb4 Nxc4 30. Rxc4 Red8 31. Ra2 Rd1+ 32. Kg2 Rb8 33. Ra6+ Kg5 34. Rd4 Rc1
35. Rc6 Rbb1 36. Rd7 Kh5 37. Rh7 Rb2 38. Rg7 Rcc2 39. Rgxg6 Rxf2+ 40. Kg1 Rg2+
41. Kf1 1-0

[Event "Euro Online U2300 Day 1"]
[Site "chess.com INT"]
[Date "2020.05.25"]
[Round "3"]
[White "Chaqryan, Erik"]
[Black "Maximov, Oleg"]
[Result "1-0"]
[WhiteElo "2231"]
[BlackElo "2219"]
[WhiteFideId "13312340"]
[BlackFideId "4176960"]
[EventDate "2020.05.25"]

1. d4 Nf6 2. c4 d6 3. Nc3 e5 4. Nf3 e4 5. Ng5 Qe7 6. Qc2 Nc6 7. e3 Bf5 8. b4 h6
9. Nh3 g5 10. b5 Nd8 11. a4 Bg7 12. Ba3 O-O 13. Be2 Re8 14. Ng1 c5 15. bxc6 bxc6
16. h4 g4 17. c5 d5 18. Ba6 Bc8 19. Bxc8 Rxc8 20. Nge2 Nh5 21. Ng3 Nxg3 22. fxg3
h5 23. O-O Bh6 24. Qd2 Ne6 25. Rf2 Rb8 26. Raf1 Rf8 27. Rf5 Ng7 28. Rf6 Kh7 29.
Rxc6 f5 30. Nxd5 Qd7 31. Nf6+ Rxf6 32. Rxf6 Rb3 33. Bc1 Bxe3+ 34. Qxe3 Rxe3 35.
Bxe3 Qxa4 36. c6 Qb3 37. Bf4 e3 38. c7 Qc3 39. Rf8 e2 40. Rb1 e1=Q+ 41. Rxe1
Qxe1+ 42. Kh2 Ne6 43. c8=Q Nxf8 44. Qxf8 Qe6 45. Qc5 a6 46. d5 1-0

[Event "Euro Online U2300 Day 1"]
[Site "chess.com INT"]
[Date "2020.05.25"]
[Round "3"]
[White "Krayz, Alexander"]
[Black "Kett, Tim"]
[Result "1-0"]
[WhiteTitle "IM"]
[BlackTitle "CM"]
[WhiteElo "2350"]
[BlackElo "2178"]
[WhiteFideId "2802066"]
[BlackFideId "1801210"]
[EventDate "2020.05.25"]

1. e4 e5 2. Nf3 Nc6 3. Bb5 a6 4. Ba4 d6 5. c3 Bd7 6. O-O g6 7. d4 Bg7 8. h3 b5
9. Bb3 Nf6 10. Re1 O-O 11. Nbd2 h6 12. Nf1 Kh7 13. Ng3 Qe7 14. dxe5 dxe5 15. Be3
Na5 16. Bc2 Nc4 17. Bc1 Bc6 18. Qe2 Nd6 19. b3 Rg8 20. Ba3 Rab8 21. Rad1 a5 22.
Bc5 Nd7 23. Be3 Rbf8 24. Bc1 Kh8 25. Ba3 Rb8 26. Rd2 b4 27. Bb2 Nc5 28. Bb1 Nb5
29. cxb4 axb4 30. Rc1 Ba8 31. Rdc2 Nc3 32. Bxc3 bxc3 33. Rxc3 Ne6 34. Qe3 Rbd8
35. Bd3 Rd7 36. Bb5 Rd6 37. Bc6 Bxc6 38. Rxc6 Rgd8 39. Rxd6 cxd6 40. Qd2 Nf4 41.
Ne2 d5 42. Rd1 Nxe2+ 43. Qxe2 dxe4 44. Rxd8+ Qxd8 45. Qxe4 f5 46. Qc2 e4 47. Nd2
Qd5 48. Nc4 Kh7 49. a4 Qd4 50. g3 Be5 51. Kg2 1-0